000 00498 a2200181 4500
003 OSt
005 20240202153215.0
008 240202b |||||||| |||| 00| 0 eng d
020 _a9789357420891
040 _coclc
082 _a910
_bAJA/B
100 _aAjayan, K. R
_910357
245 _aBudha Neeyenne Ariyunnuvo /
_cK R Ajayan
250 _a1st ed.
260 _aKozhikode:
_bOlivePublications,
_c2023.
300 _a192p.
942 _2ddc
_cBK
_h910
_iAJA/B
_k910
_mAJA/B
999 _c44252
_d44252